Constituciones de la Congregación de hermanas de la sagrada familia de Urgel. (Record n. 32160)

Dettagli MARC
000 -LEADER
fixed length control field 00766nam a2200205 i 4500
003 - CONTROL NUMBER IDENTIFIER
control field IT-RoINE
008 - FIXED-LENGTH DATA ELEMENTS--GENERAL INFORMATION
fixed length control field 180709s1947 sp |||||r|||||||| ||spa|d
040 ## - CATALOGING SOURCE
Original cataloging agency ES-BaURL
Transcribing agency ES-BaURLIT-RoINE
Modifying agency IT-RoINE
110 2# - MAIN ENTRY--CORPORATE NAME
Corporate name or jurisdiction name as entry element Congregación de la Sagrada Familia de Urgel
9 (RLIN) 63084
245 10 - TITLE STATEMENT
Title Constituciones de la Congregación de hermanas de la sagrada familia de Urgel.
246 34 - VARYING FORM OF TITLE
Title proper/short title Constituciones y Santas Reglas
260 ## - PUBLICATION, DISTRIBUTION, ETC. (IMPRINT)
Place of publication, distribution, etc Barcelona :
Name of publisher, distributor, etc Editorial librería religiosa,
Date of publication, distribution, etc 1947.
300 ## - PHYSICAL DESCRIPTION
Extent 158 p. ;
Dimensions 14 cm.
336 ## - CONTENT TYPE
Content type term text
Content type code txt [
Source rdacontent]
337 ## - MEDIA TYPE
Source rdamedia
Media type term unmediated
338 ## - CARRIER TYPE
Source rdacarrier
Carrier type term volume
610 24 - SUBJECT ADDED ENTRY--CORPORATE NAME
Corporate name or jurisdiction name as entry element Congregación de la Sagrada Familia de Urgel
General subdivision Reglas
9 (RLIN) 63085
650 #4 - SUBJECT ADDED ENTRY--TOPICAL TERM
9 (RLIN) 8293
Topical term or geographic name as entry element Monacato y órdenes religiosas
General subdivision Reglas
942 ## - ADDED ENTRY ELEMENTS (KOHA)
Item type Monografías
Dati di copia
Withdrawn status Lost status Damaged status Not for loan Home library Current library Date acquired Total Checkouts Full call number Barcode Date last seen Price effective from Koha item type
        Iglesia Nacional Española en Roma Iglesia Nacional Española en Roma 04/10/2019   FUE.HIS.ECL 73 58860 04/10/2019 04/10/2019 Monografías